000 00425nam a2200181Ia 4500
001 12785
005 20260306163006.0
008 260306t2004||||xx |||||||||||||| ||spa||
041 _aESP
082 _aRD 301.03
_bD
100 _aUña Juárez, Octavio
_eAUT
245 0 _aDiccionario de sociología
260 _c2004
300 _a1657 páginas :
_ccm.
650 _aGEN
654 _aCHU
942 _cDIC
_dJUS
_fJUS
_2ddc
_n
999 _c12785
_d12785